| 000 | 00861nam a2200241 i 4500 | ||
|---|---|---|---|
| 001 | bg | ||
| 245 | 0 | 0 |
_aDokumenty końcowe Konferencji Narodów Zjednoczonych "Środowisko i Rozwój" - Szczyt Ziemi : _bRio de Janeiro, 3-14 czerwca 1992 r. / _c[przekł. z ang., weryfikacja przekł. Irena Kulisz i in.] ; Instytut Ochrony Środowiska. |
| 260 |
_aWarszawa : _bIOŚ, _c1993. |
||
| 300 |
_a564, [1] s. ; _c24 cm. |
||
| 650 | 9 | _aHigiena społeczna | |
| 650 | 9 |
_aŚrodowisko człowieka _xochrona |
|
| 650 | 9 |
_aUbóstwo _xzwalczanie |
|
| 650 | 9 | _aWzrost gospodarczy a środowisko człowieka | |
| 655 | _aMateriały konferencyjne | ||
| 700 | 1 |
_aKULISZ, Irena. _eTł. |
|
| 020 | _a8385805044 | ||
| 040 | _cBPK | ||
| 041 | 1 |
_apl _hen |
|
| 080 | _a504:330.34/.35](061.3) | ||
| 920 | _a83-85805-04-4 | ||
| 942 | _cKS | ||
| 008 | s pl f |000 0 pol | ||
| 999 |
_c30404 _d30404 |
||
| 856 |
_uhttp://koha.tu.koszalin.pl/cgi-bin/koha/opac-detail.pl?biblionumber=30404 _yKatalog online BPK |
||